Alles endet auf -Berg - Statistiken

Allgemein
  • Dieses Quiz wurde 187 mal gespielt
  • Das Durchschnittsergebnis liegt bei 9 aus 16
Antwortstatistiken
Hinweis Antwort % Korrekt
Die Begegnung mit ihm war für die Titanic verheerend Eisberg
94%
Bundesland im Südwesten Deutschlands Baden-Württemberg
89%
Größte Stadt in Franken Nürnberg
82%
Sehr erfolgreicher Regisseur (E.T., Indiana Jones) Steven Spielberg
75%
Auf ihm steht das Fritz-Walter-Stadion Betzenberg
67%
1955 geborene US-Schauspielerin (Sister Act, Ghost) Whoopi Goldberg
66%
Landschaftliches Wahrzeichen von Kapstadt Tafelberg
64%
Mockumentary-Serie mit Christoph Maria Herbst in der Titelrolle Stromberg
56%
Magenbitter, der traditionell in kleinen Flaschen in einer grünen Blechdose verkauft wird Underberg
55%
Berliner Stadtteil, der gemeinsam mit Friedrichshain einen Bezirk bildet Kreuzberg
54%
Westlichstes Bundesland Österreichs Vorarlberg
45%
1968 in Hamburg geborener Fußballspieler, u. a. aktiv für Gladbach und Bayern Stefan Effenberg
44%
Krimiserie, in der Leonard Lansink einen Antiquar in Münster spielt Wilsberg
31%
1924 erschienener Roman von Thomas Mann, der in der Schweiz spielt Der Zauberberg
27%
Erhebung in Jerusalem, an deren Fuß sich der Garten Getsemani befand Ölberg
23%
Österreichischer Komponist, Erfinder der Zwölftonmusik Arnold Schoenberg
13%
Keine übereinstimmenden Quizze gefunden
Verteilung der Resultate
Anzahl Personen mit jedem Resultat
Perzentil nach korrekt beantworteten Fragen
Ihre Resultats-Entwicklung
Sie haben dieses Quiz noch nicht gespielt